|
|
|
|
| LEADER |
00000nas a2200000 a 4500 |
| 001 |
vtls012270008 |
| 003 |
SK-MaSNL |
| 005 |
20260228155839.0 |
| 008 |
250127c18791905au mr p 0 0ger |
| 015 |
|
|
|a SNBHFB
|
| 040 |
|
|
|a SNKHF
|b slo
|c SNKHF
|e rda
|
| 041 |
0 |
|
|a ger
|
| 044 |
|
|
|a au
|c AT
|
| 072 |
|
7 |
|a 39
|x Kultúrna antropológia. Etnológia. Etnografia. Folklór
|2 konspekt
|
| 072 |
|
7 |
|a 58
|x Botanika
|2 konspekt
|
| 080 |
|
|
|a 39:631
|2 2011
|
| 080 |
|
|
|a 58
|2 2011
|
| 080 |
|
|
|a (051)-048.55
|2 2011
|
| 245 |
0 |
0 |
|a Wiener Illustrierte Garten-Zeitung
|b Organ der k. k. Gartenbau-Gesellschaft in Wien
|
| 264 |
|
1 |
|a Wien
|b Verlag Von Faesy & Frick k. k. Hofbuchhandlung
|c 1876-[1905]
|
| 264 |
2 |
3 |
|3 1879-1881
|a Wien
|b Druck von Carl Fromme
|
| 300 |
|
|
|a 25 cm
|
| 310 |
|
|
|a 1x mesačne
|
| 336 |
|
|
|a text
|b txt
|2 rdacontent
|
| 337 |
|
|
|a bez média
|b n
|2 rdamedia
|
| 338 |
|
|
|a zväzok
|b nc
|2 rdacarrier
|
| 362 |
0 |
|
|a 4. Jahrgang, 1. Heft (1879)-[30. Jahrgang (1905)]
|z ZDB/2025
|
| 500 |
|
|
|a Editor: 1879-1882, A.C. Rosenthal ; Josef Bermann
|
| 650 |
0 |
7 |
|a agrikultúra
|2 SNKPH
|9 78858
|
| 650 |
0 |
7 |
|a botanika
|2 SNKPH
|9 688
|
| 655 |
|
7 |
|a špecializované časopisy
|2 SNKPH
|9 70509
|
| 700 |
1 |
|
|a Rosenthal, A.C.
|4 edt
|9 265446
|
| 700 |
1 |
|
|a Bermann, Josef
|4 edt
|9 265447
|
| 700 |
1 |
|
|a Fromme, Carl,
|d 1828-1884
|4 prt
|9 265448
|
| 710 |
2 |
|
|a Faesy & Frick (Viedeň, Rakúsko)
|4 pbl
|9 265449
|
| 752 |
|
|
|a Rakúsko
|d Viedeň
|
| 785 |
0 |
0 |
|t Wiener Obst- und Garten-Zeitung
|
| 852 |
|
|
|a snk
|b Zaiova knižnica: Zay 16809-16812
|p ČC 4406/1879-1882
|
| 958 |
|
|
|a DF
|
| 999 |
|
|
|c 732
|d 732
|
| 952 |
|
|
|0 0
|1 0
|4 0
|7 0
|8 5
|a SNK
|b SNK
|c SNK_HF
|d 2025-01-27
|i snk2025/1122
|l 0
|o snkČC 4407/1879
|p 17A1489028
|r 2026-02-21 22:33:38
|t Zay 16809
|w 2026-02-21
|y PREZ
|
| 952 |
|
|
|0 0
|1 0
|4 0
|7 0
|8 5
|a SNK
|b SNK
|c SNK_HF
|d 2025-01-27
|i snk2025/1124
|l 0
|o snkČC 4407/1880
|p 17A1489029
|r 2026-02-21 22:33:38
|t Zay 16810
|w 2026-02-21
|y PREZ
|
| 952 |
|
|
|0 0
|1 0
|4 0
|7 0
|8 5
|a SNK
|b SNK
|c SNK_HF
|d 2025-01-27
|i snk2025/1126
|l 0
|o snkČC 4407/1881
|p 17A1489030
|r 2026-02-21 22:33:38
|t Zay 16811
|w 2026-02-21
|y PREZ
|
| 952 |
|
|
|0 0
|1 0
|4 0
|7 0
|8 5
|a SNK
|b SNK
|c SNK_HF
|d 2025-01-27
|i snk2025/1127
|l 0
|o snkČC 4407/1882
|p 17A1489031
|r 2026-02-21 22:33:38
|t Zay 16812
|w 2026-02-21
|y PREZ
|